[Event "Torino Estate Alfieri B"]
[Site "Torino"]
[Date "2011.05.10"]
[Round "2"]
[White "Calderone, Luigi"]
[Black "Cavezzana, Davide"]
[Result "1-0"]
[WhiteElo "1684"]
[BlackElo "1741"]
[PlyCount "65"]
[EventDate "2011.05.03"]
[EventType "tourn"]
[EventRounds "7"]
[EventCountry "ITA"]
[SourceTitle "EXT 2024"]
[Source "ChessBase"]
[SourceDate "2023.10.10"]
[SourceVersion "1"]
[SourceVersionDate "2023.10.10"]
[SourceQuality "1"]

1. e4 c5 2. Nf3 d6 3. d4 cxd4 4. Nxd4 Nf6 5. Nc3 a6 6. Be3 e5 7. Nb3 Be6 8. a4 b6 9. Be2 Be7 10. 0-0 Nbd7 11. f3 0-0 12. Nd5 Bxd5 13. exd5 Nc5 14. Nxc5 bxc5 15. Bc4 Qa5 16. Bd2 Qb6 17. Bc3 Rfe8 18. Kh1 e4 19. fxe4 Nxe4 20. Bxg7 Kxg7 21. Qg4+ Ng5 22. h4 Qd8 23. hxg5 Bxg5 24. Qh5 Rf8 25. Bd3 h6 26. Qg4 Qc8 27. Rf5 f6 28. Re1 Re8 29. Re6 Rxe6 30. dxe6 Qf8 31. Qe4 Qh8 32. Rxf6 Kxf6 33. Qf5+ 1-0